[Event "Olomouc Seniors op"]
[Site "Olomouc"]
[Date "2014.07.30"]
[Round "1"]
[White "Kearsley, Raymond J"]
[Black "Golcman, Evgeny"]
[Result "1-0"]
[WhiteElo "1752"]
[BlackElo "2209"]
[PlyCount "99"]
[EventDate "2014.07.30"]
[EventType "swiss"]
[EventRounds "9"]
[EventCountry "CZE"]
[SourceTitle "EXT 2015"]
[Source "ChessBase"]
[SourceDate "2014.11.20"]
[SourceVersion "1"]
[SourceVersionDate "2014.11.20"]
[SourceQuality "1"]

1. e4 e5 2. Nf3 Nc6 3. c3 d5 4. Qa4 dxe4 5. Nxe5 Qd5 6. Nxc6 bxc6 7. Bc4 Qd6 8.
O-O Be7 9. d3 exd3 10. Bf4 Qxf4 11. Qxc6+ Kd8 12. Bb5 Nf6 13. Qxa8 Ng4 14. g3
Qh6 15. h4 Ne5 16. Qd5+ Bd6 17. Na3 a6 18. Bxd3 c6 19. Qa5+ Bc7 20. Qa4 g5 21.
Be4 gxh4 22. Qd4+ Ke7 23. Bg2 hxg3 24. fxg3 Rd8 25. Qe4 Bb6+ 26. Rf2 Bxf2+ 27.
Kxf2 Qe6 28. Kg1 Nd3 29. Qxh7 Qe3+ 30. Kh2 Nf2 31. Qh4+ f6 32. Qh7+ Ke8 33.
Bxc6+ Kf8 34. Qh8+ Ke7 35. Qg7+ Ke6 36. Nc2 Qe2 37. Re1 Qxe1 38. Nxe1 Kf5 39.
Qc7 Rh8+ 40. Kg2 Ng4 41. Qf4+ Kg6 42. Nf3 Rd8 43. Nh4+ Kh5 44. Nf3 Kg6 45. Nd4
f5 46. Qc7 Rh8 47. Qd6+ Kg7 48. Qe7+ Kg6 49. Be8+ Kh6 50. Ne6 1-0

[Event "GBR-ch 101st"]
[Site "Aberystwyth"]
[Date "2014.07.28"]
[Round "9"]
[White "McPhillips, Joseph"]
[Black "Jarmany, John"]
[Result "1-0"]
[WhiteElo "2200"]
[BlackElo "2073"]
[PlyCount "67"]
[EventDate "2014.07.19"]
[EventType "swiss"]
[EventRounds "11"]
[EventCountry "WLS"]
[SourceTitle "CBM 161 Extra"]
[Source "ChessBase"]
[SourceDate "2014.08.29"]
[SourceVersion "1"]
[SourceVersionDate "2014.08.29"]
[SourceQuality "1"]

1. e4 e5 2. Nf3 Nc6 3. c3 d6 4. d4 g6 5. Bc4 Bg7 6. Qb3 Qe7 7. Bg5 Nf6 8. d5
Nb8 9. Bd3 O-O 10. h3 Nbd7 11. c4 Nc5 12. Qc2 Nxd3+ 13. Qxd3 a5 14. Nc3 h6 15.
Be3 Nh5 16. Qd2 g5 17. g4 Nf4 18. O-O-O Qf6 19. Rdg1 c6 20. h4 Qd8 21. hxg5
hxg5 22. Bxf4 exf4 23. Qd3 f6 24. Nd4 c5 25. Nf5 Bxf5 26. exf5 Re8 27. Re1 Re5
28. Rxe5 fxe5 29. Qh3 Rc8 30. Qh7+ Kf8 31. Ne4 Rc7 32. Qg6 Qe8 33. Qxd6+ Re7
34. f6 1-0

[Event "BCF-ch Week2 PM op"]
[Site "Aberystwyth"]
[Date "2014.07.28"]
[Round "1"]
[White "Calvert, John C"]
[Black "Bennett, Rhys"]
[Result "1-0"]
[WhiteElo "1555"]
[BlackElo "1794"]
[PlyCount "85"]
[EventDate "2014.07.28"]
[EventType "swiss"]
[EventRounds "5"]
[EventCountry "WLS"]
[SourceTitle "OM OTB B 201907"]
[Source "Opening Master"]
[SourceDate "2019.07.06"]
[SourceVersion "2"]
[SourceVersionDate "2019.07.06"]
[SourceQuality "1"]

1. e4 e5 2. Nf3 Nc6 3. c3 d5 4. Qa4 f6 5. h3 Nge7 6. d3 Be6 7. Nbd2 Nc8 8. Be2
Bd6 9. Nf1 Qd7 10. Ng3 Nb6 11. Qd1 O-O 12. Be3 Ne7 13. O-O c5 14. d4 exd4 15.
cxd4 cxd4 16. Nxd4 Bxg3 17. Nxe6 Bxf2+ 18. Bxf2 Qxe6 19. exd5 Nexd5 20. Rc1 Qf7
21. Re1 Rac8 22. Bf3 Rxc1 23. Qxc1 Rd8 24. Rd1 h6 25. Bxb6 axb6 26. Qc4 Qf8 27.
Rxd5 Kh8 28. Rxd8 Qxd8 29. Qe4 Qc7 30. Qxb7 Qc1+ 31. Kh2 Qf4+ 32. g3 Qd2+ 33.
Bg2 Qxb2 34. a4 Qf2 35. Qa8+ Kh7 36. a5 bxa5 37. Qxa5 f5 38. Qd5 Kg6 39. Qe6+
Kh7 40. Qf7 Qc2 41. h4 Qd3 42. h5 Kh8 43. Kh3 1-0

[Event "Politiken Cup 36th"]
[Site "Helsingor"]
[Date "2014.07.27"]
[Round "8"]
[White "Merkesvik, Frode"]
[Black "Larsen, Preben R"]
[Result "0-1"]
[WhiteElo "1633"]
[BlackElo "1833"]
[PlyCount "62"]
[EventDate "2014.07.21"]
[EventType "swiss"]
[EventRounds "10"]
[EventCountry "DEN"]
[SourceTitle "CBM 161 Extra"]
[Source "ChessBase"]
[SourceDate "2014.08.29"]
[SourceVersion "1"]
[SourceVersionDate "2014.08.29"]
[SourceQuality "1"]

1. e4 e5 2. Nf3 Nc6 3. c3 Nf6 4. d3 d5 5. exd5 Qxd5 6. Be2 Bg4 7. Qb3 O-O-O 8.
O-O Qd6 9. Nbd2 Be6 10. Qc2 Bg4 11. Ne4 Nxe4 12. dxe4 Be7 13. Be3 Qg6 14. Rad1
Bh3 15. Rxd8+ Rxd8 16. g3 Bxf1 17. Bxf1 h5 18. h4 Qd6 19. Be2 f6 20. Nd2 g6 21.
b4 a6 22. a4 Nb8 23. g4 Qd7 24. f3 Rh8 25. Bf2 g5 26. hxg5 hxg4 27. fxg4 fxg5
28. Kg2 Bd6 29. b5 Qh7 30. Bg3 Qh3+ 31. Kf2 Bc5+ 0-1

[Event "Politiken Cup 36th"]
[Site "Helsingor"]
[Date "2014.07.26"]
[Round "7"]
[White "Poulsen, Iver"]
[Black "Rydstrom, Tom"]
[Result "1/2-1/2"]
[WhiteElo "2092"]
[BlackElo "2234"]
[PlyCount "116"]
[EventDate "2014.07.21"]
[EventType "swiss"]
[EventRounds "10"]
[EventCountry "DEN"]
[SourceTitle "CBM 161 Extra"]
[Source "ChessBase"]
[SourceDate "2014.08.29"]
[SourceVersion "1"]
[SourceVersionDate "2014.08.29"]
[SourceQuality "1"]

1. e4 e5 2. Nf3 Nc6 3. c3 d5 4. Qa4 f6 5. d3 Bc5 6. b4 dxe4 7. dxe4 Bb6 8. Bc4
Bd7 9. Qb3 Nh6 10. Bxh6 gxh6 11. Bf7+ Kf8 12. Nbd2 Qe7 13. Bd5 a5 14. b5 Nd8
15. Nc4 Bc5 16. Nb2 c6 17. bxc6 bxc6 18. Bc4 Ne6 19. Rd1 Nf4 20. g3 Bg4 21. Nh4
Bxf2+ 22. Kxf2 Qa7+ 23. Rd4 Nh3+ 24. Ke3 exd4+ 25. cxd4 Rd8 26. Qc3 Kg7 27. Nd3
Rhe8 28. Nc5 Ng5 29. Rf1 Qe7 30. Rf4 Bc8 31. Ba6 Kh8 32. Bxc8 Rxc8 33. Nf5 Qf8
34. Rh4 Ne6 35. Nd7 Qf7 36. Nb6 Rcd8 37. Nc4 Qg6 38. Rxh6 Qg5+ 39. Kf2 Ng7 40.
Ncd6 Nxf5 41. Nf7+ Kg7 42. Rxh7+ Kxh7 43. Nxg5+ fxg5 44. exf5 Rd6 45. Qxa5 Red8
46. Qa7+ R8d7 47. Qc5 Rxd4 48. Qxc6 R4d6 49. Qc8 Kg7 50. a4 Kf6 51. Qc3+ Kxf5
52. Qf3+ Kg6 53. Qe4+ Kf7 54. Kg2 Kf6 55. Qf3+ Kg6 56. Qe4+ Kf6 57. Qf3+ Kg6
58. Qe4+ Kf6 1/2-1/2

[Event "Canadian op 51st"]
[Site "Montreal"]
[Date "2014.07.25"]
[Round "8"]
[White "Poulin, Maurice"]
[Black "Tang, Edward"]
[Result "1-0"]
[WhiteElo "1989"]
[BlackElo "2161"]
[PlyCount "65"]
[EventDate "2014.07.19"]
[EventType "swiss"]
[EventRounds "9"]
[EventCountry "CAN"]
[SourceTitle "CBM 161 Extra"]
[Source "ChessBase"]
[SourceDate "2014.08.29"]
[SourceVersion "1"]
[SourceVersionDate "2014.08.29"]
[SourceQuality "1"]

1. e4 e5 2. Nf3 Nc6 3. c3 d5 4. Bb5 dxe4 5. Nxe5 Qd5 6. Qa4 Nge7 7. Nxc6 Nxc6
8. O-O Bd7 9. Re1 O-O-O 10. Bc4 Qh5 11. Be2 Qg6 12. Bf1 Bc5 13. Qc4 Qf5 14. d4
exd3 15. Be3 Bxe3 16. Rxe3 Be6 17. Bxd3 Qg5 18. Qa4 Bd5 19. Bf1 Rhe8 20. Rxe8
Rxe8 21. Na3 a6 22. c4 Be6 23. Rd1 Qe5 24. Rd2 Qe1 25. Rd1 Qe5 26. Rd2 Qe1 27.
Qd1 Qxd1 28. Rxd1 Nb4 29. f4 Nxa2 30. Nc2 Bf5 31. Rd2 Rd8 32. Re2 Rd1 33. Ne3
1-0

[Event "Tula Novikov Memorial"]
[Site "Tula"]
[Date "2014.07.25"]
[Round "4"]
[White "Brikov, Illarion"]
[Black "Kalugin, Sergey V"]
[Result "1/2-1/2"]
[WhiteElo "2401"]
[BlackElo "2384"]
[PlyCount "88"]
[EventDate "2014.07.21"]
[EventType "tourn"]
[EventRounds "13"]
[EventCountry "RUS"]
[EventCategory "6"]
[SourceTitle "EXT 2015"]
[Source "ChessBase"]
[SourceDate "2014.11.20"]
[SourceVersion "1"]
[SourceVersionDate "2014.11.20"]
[SourceQuality "1"]

1. e4 e5 2. Nf3 Nc6 3. c3 Nf6 4. d4 Nxe4 5. d5 Nb8 6. Nxe5 Bd6 7. Nd3 O-O 8.
Be3 Re8 9. Be2 Bf8 10. Nd2 Nxd2 11. Qxd2 d6 12. O-O-O Nd7 13. Rhe1 Ne5 14. Nxe5
dxe5 15. Kb1 Bf5+ 16. Bd3 Bxd3+ 17. Qxd3 Qh4 18. g3 Qg4 19. Qe2 Qxe2 20. Rxe2
Rad8 21. Kc2 a6 22. a4 Rd7 23. c4 f6 24. a5 Kf7 25. Kc3 e4 26. b4 g6 27. b5 Ra8
28. bxa6 Rxa6 29. Rb2 Rxa5 30. Rxb7 Bd6 31. Bd4 h5 32. Rdb1 Ra3+ 33. R1b3 Ra5
34. R7b5 Ra1 35. c5 Be7 36. Kc4 Rc1+ 37. Rc3 Ra1 38. Be3 Ra4+ 39. Kb3 Ra1 40.
Kb2 Ra8 41. c6 Rdd8 42. Bf4 Rac8 43. Rc4 g5 44. Be3 f5 1/2-1/2

[Event "POL-chT U20 2nd League"]
[Site "Szczyrk"]
[Date "2014.07.25"]
[Round "1.94"]
[White "Czernek, Tymon"]
[Black "Szczapa, Piotr"]
[Result "1/2-1/2"]
[WhiteElo "1508"]
[BlackElo "1170"]
[PlyCount "160"]
[EventDate "2014.07.25"]
[EventType "team-swiss"]
[EventRounds "11"]
[EventCountry "POL"]
[SourceTitle "EXT 2015"]
[Source "ChessBase"]
[SourceDate "2014.11.20"]
[SourceVersion "1"]
[SourceVersionDate "2014.11.20"]
[SourceQuality "1"]

1. e4 e5 2. Nf3 Nc6 3. c3 Nf6 4. d3 Bc5 5. Bg5 O-O 6. Be2 d6 7. Nbd2 h6 8. Bh4
Be6 9. O-O d5 10. Rc1 Rc8 11. Re1 d4 12. a3 Bg4 13. b4 dxc3 14. Rxc3 Bd6 15.
Nc4 Re8 16. b5 Nb8 17. Ne3 Bxf3 18. Bxf3 c6 19. Ng4 Nbd7 20. Nxf6+ Nxf6 21.
bxc6 Rxc6 22. Rxc6 bxc6 23. Qa4 g5 24. Bg3 Qb6 25. h3 h5 26. d4 h4 27. Bxe5
Bxe5 28. dxe5 Rxe5 29. Qc2 Qc5 30. Qb2 Qb5 31. Qd4 Qa5 32. Rb1 Re6 33. Bg4 Qe5
34. Qxe5 Rxe5 35. f3 Nxg4 36. hxg4 Ra5 37. Rb3 c5 38. Kf2 c4 39. Rc3 Ra4 40.
Ke3 f6 41. Kd4 Ra6 42. Kxc4 Rc6+ 43. Kd3 Rd6+ 44. Kc2 Ra6 45. Kb2 Rb6+ 46. Rb3
Rd6 47. Kc3 Rd1 48. Rb2 Rc1+ 49. Kb4 Rc6 50. Ka5 Rc7 51. a4 Kf7 52. Ka6 Rc4 53.
a5 Ra4 54. Kb5 Ra3 55. Rc2 Ke6 56. Ka6 Ke5 57. Rc5+ Kf4 58. Kxa7 Kg3 59. Rc2
Ra1 60. a6 Rg1 61. Kb7 Rxg2 62. Rxg2+ Kxg2 63. a7 h3 64. a8=Q h2 65. Qa2+ Kg3
66. Qb1 Kg2 67. Qc2+ Kg3 68. Qd1 Kg2 69. f4 gxf4 70. e5 fxe5 71. g5 h1=Q 72.
Qxh1+ Kxh1 73. g6 f3 74. g7 Kg2 75. g8=Q+ Kf1 76. Qd5 f2 77. Qxe5 Kg1 78. Qg3+
Kh1 79. Qf3+ Kg1 80. Qg3+ Kh1 1/2-1/2

[Event "Aberystwyth PM op"]
[Site "Aberystwyth"]
[Date "2014.07.23"]
[Round "3"]
[White "Calvert, John C"]
[Black "Bennett, Rhys"]
[Result "0-1"]
[WhiteElo "1555"]
[BlackElo "1794"]
[PlyCount "120"]
[EventDate "2014.07.21"]
[EventType "swiss"]
[EventRounds "5"]
[EventCountry "WLS"]
[SourceTitle "EXT 2016"]
[Source "ChessBase"]
[SourceDate "2015.10.10"]
[SourceVersion "1"]
[SourceVersionDate "2015.10.10"]
[SourceQuality "1"]

1. e4 e5 2. Nf3 Nc6 3. c3 d5 4. Qa4 f6 5. h3 Nge7 6. d3 Be6 7. Be2 Nc8 8. Nbd2
Nb6 9. Qd1 Be7 10. O-O a5 11. Re1 O-O 12. Nf1 Nb8 13. Ng3 c5 14. Bd2 d4 15. c4
g6 16. a3 Nc6 17. Rc1 Kh8 18. Ra1 Nd7 19. Qc2 Qc7 20. Reb1 Rg8 21. Kh1 f5 22.
Rg1 f4 23. Nf1 g5 24. N3h2 Nf6 25. Ng4 Nxg4 26. Bxg4 Bxg4 27. hxg4 h5 28. Nh2
Qd7 29. f3 Rg7 30. g3 fxg3 31. Rxg3 h4 32. Rg2 Rf8 33. Rf1 Qc7 34. Qc1 Nd8 35.
Qe1 Nc6 36. Qc1 b6 37. Qe1 Qd6 38. Kg1 Nd8 39. Kh1 Ne6 40. Qc1 Kg8 41. Rff2 Qc6
42. Qd1 b5 43. Qc2 Rb8 44. Bc1 b4 45. Re2 a4 46. Qd1 Bd8 47. Rgf2 Rgb7 48. Nf1
Ba5 49. Nh2 bxa3 50. bxa3 Bc3 51. Ra2 Rb1 52. Nf1 Nf4 53. Qc2 Nxd3 54. Qxd3
Rxc1 55. Kg2 Rbb1 56. Kh3 Qb6 57. Kg2 Qb3 58. Nd2 Rg1+ 59. Kh3 Qxa2 60. Nxb1
Rg3+ 0-1

[Event "Politiken Cup 36th"]
[Site "Helsingor"]
[Date "2014.07.22"]
[Round "3"]
[White "Skovgaard, Ib"]
[Black "Schroeder, Jan Christian"]
[Result "0-1"]
[WhiteElo "2019"]
[BlackElo "2370"]
[PlyCount "46"]
[EventDate "2014.07.21"]
[EventType "swiss"]
[EventRounds "10"]
[EventCountry "DEN"]
[SourceTitle "CBM 161 Extra"]
[Source "ChessBase"]
[SourceDate "2014.08.29"]
[SourceVersion "1"]
[SourceVersionDate "2014.08.29"]
[SourceQuality "1"]

1. e4 e5 2. Nf3 Nc6 3. c3 d5 4. Qa4 Bd7 5. exd5 Nd4 6. Qd1 Nxf3+ 7. Qxf3 Nf6 8.
d4 exd4 9. Bg5 Be7 10. Bd3 Nxd5 11. Qxd5 Bxg5 12. O-O O-O 13. cxd4 Bc6 14. Qxd8
Raxd8 15. Rd1 Bf6 16. Nc3 Rxd4 17. Be2 Rfd8 18. Rxd4 Rxd4 19. Bf3 Bxf3 20. gxf3
Rd2 21. Re1 Kf8 22. Nb5 c6 23. Nxa7 Bd4 0-1

[Event "Politiken Cup 36th"]
[Site "Helsingor"]
[Date "2014.07.22"]
[Round "2"]
[White "Lien, Kjell Hakon"]
[Black "Hoiberg, Nina"]
[Result "0-1"]
[WhiteElo "2022"]
[BlackElo "2224"]
[PlyCount "70"]
[EventDate "2014.07.21"]
[EventType "swiss"]
[EventRounds "10"]
[EventCountry "DEN"]
[SourceTitle "CBM 161 Extra"]
[Source "ChessBase"]
[SourceDate "2014.08.29"]
[SourceVersion "1"]
[SourceVersionDate "2014.08.29"]
[SourceQuality "1"]

1. e4 e5 2. Nf3 Nc6 3. c3 Nf6 4. d4 d6 5. Bb5 Bd7 6. Nbd2 Be7 7. O-O O-O 8. h3
Nxd4 9. Nxd4 exd4 10. Bd3 dxc3 11. bxc3 Bc6 12. c4 Nd7 13. a4 Nc5 14. Bc2 a5
15. f4 Bf6 16. Ra3 Re8 17. Re1 Qd7 18. g4 g6 19. g5 Bg7 20. f5 gxf5 21. exf5
Rxe1+ 22. Qxe1 Bd4+ 23. Kf1 Re8 24. Qh4 Qe7 25. Bd1 Qe5 26. g6 fxg6 27. fxg6
Qf6+ 28. Qxf6 Bxf6 29. gxh7+ Kxh7 30. Bc2+ Kh8 31. Nf3 Rf8 32. Ke2 Rg8 33. Bf4
Rg2+ 34. Kd1 Rf2 35. Bg5 Bxf3+ 0-1

[Event "BCF-ch Major op"]
[Site "Aberystwyth"]
[Date "2014.07.22"]
[Round "2"]
[White "Shore, James R"]
[Black "Taylor, William J"]
[Result "1/2-1/2"]
[WhiteElo "1697"]
[BlackElo "2007"]
[PlyCount "41"]
[EventDate "2014.07.21"]
[EventType "swiss"]
[EventRounds "11"]
[EventCountry "WLS"]
[SourceTitle "OM OTB B 201907"]
[Source "Opening Master"]
[SourceDate "2019.07.06"]
[SourceVersion "2"]
[SourceVersionDate "2019.07.06"]
[SourceQuality "1"]

1. e4 e5 2. Nf3 Nc6 3. c3 d5 4. Bb5 dxe4 5. Nxe5 Qg5 6. d4 Qxg2 7. Rf1 Bh3 8.
Nxc6 Bd7 9. Nxa7 c6 10. Nxc6 bxc6 11. Be2 Bd6 12. Be3 Qxh2 13. Nd2 Nf6 14. Qc2
Bf4 15. Nxe4 Nd5 16. Bxf4 Qxf4 17. Nc5 Bf5 18. Qd2 O-O 19. Qxf4 Nxf4 20. Kd2
Nxe2 21. Kxe2 1/2-1/2

[Event "Pardubice Czech op 25th"]
[Site "Pardubice"]
[Date "2014.07.20"]
[Round "3"]
[White "Neuman, Petr"]
[Black "Hrabusa, Matej"]
[Result "1-0"]
[WhiteElo "2488"]
[BlackElo "2319"]
[PlyCount "153"]
[EventDate "2014.07.18"]
[EventType "swiss"]
[EventRounds "9"]
[EventCountry "CZE"]
[SourceTitle "CBM 161 Extra"]
[Source "ChessBase"]
[SourceDate "2014.08.29"]
[SourceVersion "1"]
[SourceVersionDate "2014.08.29"]
[SourceQuality "1"]

1. e4 e5 2. Nf3 Nc6 3. c3 f5 4. d4 fxe4 5. Nxe5 Nf6 6. Bg5 d6 7. Nc4 Be7 8. Ne3
O-O 9. Nd2 d5 10. Bxf6 Bxf6 11. Nxd5 Bh4 12. g3 Bg5 13. Ne3 Bxe3 14. fxe3 Qg5
15. Qb3+ Kh8 16. c4 Bg4 17. Bg2 Nxd4 18. exd4 Rf2 19. Nxe4 Re2+ 20. Kf1 Rf8+
21. Kg1 Rxe4 22. Bxe4 Bh3 23. Qd3 Qf6 24. Bf3 Qxf3 25. Qxf3 Rxf3 26. Re1 h5 27.
d5 b6 28. b4 Rf5 29. c5 bxc5 30. bxc5 Rf3 31. d6 cxd6 32. cxd6 Rf7 33. Rd1 Kh7
34. d7 Bxd7 35. h3 Bc6 36. Rh2 Rf3 37. g4 h4 38. Rc1 Rg3+ 39. Kf2 Ra3 40. Ke1
Bd5 41. Rc5 Bf7 42. Rcc2 Be6 43. Rc5 Bf7 44. Rf5 Bg6 45. Rb5 Bf7 46. Rf2 Bxa2
47. Rh5+ Kg8 48. Rxh4 Bf7 49. g5 Rg3 50. Rd4 Bh5 51. h4 Re3+ 52. Kf1 Re7 53.
Ra2 a6 54. Kf2 Re6 55. Rda4 Kh7 56. Rxa6 Re4 57. R6a4 Re6 58. R2a3 Re2+ 59. Kg3
Re7 60. Ra7 Re4 61. Rc7 Re6 62. Raa7 Rg6 63. Kf4 Kg8 64. Kf5 Kh7 65. Re7 Bf3
66. Ke5 Bg4 67. Kf4 Bh5 68. Rad7 Kh8 69. Ke5 Ra6 70. Rxg7 Ra5+ 71. Kd6 Ra6+ 72.
Kc7 Bg4 73. Rde7 Be6 74. Rh7+ Kg8 75. Rh6 Ra7+ 76. Kd6 Ra6+ 77. Ke5 1-0

[Event "Manaus Amazonas-ch"]
[Site "Manaus"]
[Date "2014.07.19"]
[Round "1"]
[White "Da Silva, Mikhail Zoltan Iwan"]
[Black "Silva, Leandro da Nobrega"]
[Result "1-0"]
[WhiteElo "2037"]
[BlackElo "1730"]
[PlyCount "51"]
[EventDate "2014.07.19"]
[EventType "swiss"]
[EventRounds "6"]
[EventCountry "BRA"]
[SourceTitle "CBM 161 Extra"]
[Source "ChessBase"]
[SourceDate "2014.08.29"]
[SourceVersion "1"]
[SourceVersionDate "2014.08.29"]
[SourceQuality "1"]

1. e4 e5 2. Nf3 Nc6 3. c3 Nf6 4. d4 exd4 5. e5 Qe7 6. Qe2 Ng4 7. cxd4 d6 8. h3
dxe5 9. hxg4 Bxg4 10. dxe5 Nd4 11. Qe4 Rd8 12. Nxd4 Qb4+ 13. Nd2 Rxd4 14. Qc2
Bc5 15. Bc4 Qb6 16. Qb3 Bb4 17. a3 Re4+ 18. Kf1 Bxd2 19. Bxd2 Qd4 20. Bxf7+ Kf8
21. Be3 Qxe5 22. Bg6 Be6 23. Qd1 hxg6 24. Rxh8+ Ke7 25. Qd8+ Kf7 26. Qf8# 1-0

[Event "Saint Affrique op 22nd"]
[Site "Saint Affrique"]
[Date "2014.07.19"]
[Round "1"]
[White "Dubertrand, Bernard"]
[Black "Karpatchev, Aleksandr"]
[Result "0-1"]
[WhiteElo "1647"]
[BlackElo "2442"]
[PlyCount "46"]
[EventDate "2014.07.19"]
[EventType "swiss"]
[EventRounds "9"]
[EventCountry "FRA"]
[SourceTitle "CBM 161 Extra"]
[Source "ChessBase"]
[SourceDate "2014.08.29"]
[SourceVersion "1"]
[SourceVersionDate "2014.08.29"]
[SourceQuality "1"]

1. e4 e5 2. Nf3 Nc6 3. c3 d5 4. Bb5 dxe4 5. Nxe5 Qg5 6. d4 Qxg2 7. Rf1 Nge7 8.
Bf4 a6 9. Qa4 Rb8 10. Bc4 Be6 11. Bxe6 fxe6 12. Nxc6 bxc6 13. Bxc7 Rxb2 14.
Qxa6 Qg5 15. Kd1 g6 16. Qa3 Qb5 17. Nd2 Bh6 18. f4 e3 19. c4 Rxd2+ 20. Ke1 Qxc4
21. Qxe3 Rd3 22. Qe5 O-O 23. Kf2 Bxf4 0-1

[Event "VIE-ch U09 Girls"]
[Site "Ho Chi Minh City"]
[Date "2014.07.18"]
[Round "9"]
[White "Pham, Ngoc Que Tran"]
[Black "Phan, Luu Binh Minh"]
[Result "1-0"]
[WhiteElo "1552"]
[BlackElo "1579"]
[PlyCount "79"]
[EventDate "2014.07.13"]
[EventType "swiss"]
[EventRounds "9"]
[EventCountry "VIE"]
[SourceTitle "EXT 2016"]
[Source "ChessBase"]
[SourceDate "2015.10.10"]
[SourceVersion "1"]
[SourceVersionDate "2015.10.10"]
[SourceQuality "1"]

1. e4 e5 2. Nf3 Nc6 3. c3 Bc5 4. d4 exd4 5. cxd4 Bb4+ 6. Bd2 Bxd2+ 7. Qxd2 d6
8. h3 Nf6 9. Nc3 O-O 10. Bd3 Re8 11. O-O h6 12. Rfe1 Nd7 13. Rad1 Nb4 14. Bc4
Nb6 15. Bb3 Nc6 16. a3 Na5 17. Ba2 Nac4 18. Qe2 Na5 19. d5 c6 20. b4 Nac4 21.
Bxc4 Nxc4 22. Qxc4 cxd5 23. Qxd5 Qf6 24. Nb5 Rd8 25. e5 Qg6 26. Qd3 Bf5 27. Qe3
a6 28. Nxd6 Be6 29. Nxb7 Rab8 30. Nc5 Bf5 31. Nh4 Qh5 32. Nxf5 Qxf5 33. e6 Re8
34. exf7+ Qxf7 35. Qb3 Rxe1+ 36. Rxe1 Qxb3 37. Nxb3 Rd8 38. Nc5 Rc8 39. Nxa6
Ra8 40. b5 1-0

[Event "Cherkessk Habez"]
[Site "Cherkessk"]
[Date "2014.07.18"]
[Round "9"]
[White "Pilavov, Georgy"]
[Black "Chashchev, Sergey"]
[Result "0-1"]
[WhiteElo "2605"]
[BlackElo "2376"]
[PlyCount "66"]
[EventDate "2014.07.11"]
[EventType "tourn"]
[EventRounds "9"]
[EventCountry "RUS"]
[EventCategory "7"]
[SourceTitle "CBM 161 Extra"]
[Source "ChessBase"]
[SourceDate "2014.08.29"]
[SourceVersion "1"]
[SourceVersionDate "2014.08.29"]
[SourceQuality "1"]

1. e4 e5 2. Nf3 Nc6 3. c3 d5 4. Qa4 Bd7 5. exd5 Nd4 6. Qd1 Nxf3+ 7. Qxf3 Nf6 8.
Bc4 e4 9. Qe2 Bd6 10. O-O O-O 11. d4 exd3 12. Qxd3 Re8 13. Nd2 c6 14. Nf3 cxd5
15. Bxd5 Nxd5 16. Qxd5 Bc6 17. Qh5 g6 18. Qg4 h5 19. Qd4 Bxf3 20. gxf3 Qc7 21.
h3 Bc5 22. Qf4 Qc6 23. Be3 Bd6 24. Qh6 Qxf3 25. Bd4 Be5 26. Rae1 Bxd4 27. cxd4
Qxh3 28. Qf4 Qd3 29. Re5 Rxe5 30. dxe5 Qe2 31. Rc1 Qxb2 32. Rc7 Qxa2 33. Rxb7
Qd5 0-1

[Event "Sao Bernardo do Campo"]
[Site "Sao Bernardo do Campo"]
[Date "2014.07.17"]
[Round "4"]
[White "Languidey, Simon Alejandro"]
[Black "Perdomo, Leandro Daniel"]
[Result "1/2-1/2"]
[WhiteElo "2316"]
[BlackElo "2403"]
[PlyCount "36"]
[EventDate "2014.07.16"]
[EventType "tourn"]
[EventRounds "9"]
[EventCountry "BRA"]
[EventCategory "2"]
[SourceTitle "CBM 161 Extra"]
[Source "ChessBase"]
[SourceDate "2014.08.29"]
[SourceVersion "1"]
[SourceVersionDate "2014.08.29"]
[SourceQuality "1"]

1. e4 e5 2. Nf3 Nc6 3. c3 Nf6 4. d4 exd4 5. e5 Nd5 6. Qb3 Nb6 7. cxd4 d5 8. Bb5
Bd7 9. Nc3 Be7 10. O-O a6 11. Bd3 Bg4 12. Be3 Qd7 13. Rac1 f6 14. exf6 Bxf3 15.
f7+ Kf8 16. gxf3 Qh3 17. Ne2 Qxf3 18. Bf4 Nb4 1/2-1/2

[Event "Wuerttemberg-ch Seniors op 26th"]
[Site "Freudenstadt"]
[Date "2014.07.17"]
[Round "2"]
[White "Jaeger, Hans Ulrich"]
[Black "Prill, Gerhard"]
[Result "0-1"]
[WhiteElo "1907"]
[BlackElo "2026"]
[PlyCount "64"]
[EventDate "2014.07.16"]
[EventType "swiss"]
[EventRounds "9"]
[EventCountry "GER"]
[SourceTitle "OM OTB B 201907"]
[Source "Opening Master"]
[SourceDate "2019.07.06"]
[SourceVersion "2"]
[SourceVersionDate "2019.07.06"]
[SourceQuality "1"]

1. e4 e5 2. Nf3 Nc6 3. c3 d5 4. Qa4 f6 5. exd5 Qxd5 6. d4 Bd7 7. Bb5 exd4 8.
cxd4 Nb4 9. Bxd7+ Qxd7 10. Qb3 Qd5 11. Qxd5 Nxd5 12. Nc3 Nge7 13. O-O O-O-O 14.
Ne4 Nc6 15. Bd2 g5 16. h3 h5 17. g4 Rh7 18. Rac1 Be7 19. Ng3 hxg4 20. hxg4 Bd6
21. Nf5 Bf4 22. Rc5 Bxd2 23. Nxd2 Nf4 24. Nf3 Ne2+ 25. Kg2 Rdh8 26. Ng3 Nf4+
27. Kg1 Ne7 28. Rd1 Neg6 29. Kf1 Nh4 30. Nxh4 Rxh4 31. f3 Rh1+ 32. Nxh1 Rxh1+
0-1

[Event "IND-ch U19 Girls 29th"]
[Site "Mumbai"]
[Date "2014.07.16"]
[Round "9"]
[White "Michelle, Catherina P"]
[Black "Srija, Seshadri"]
[Result "1-0"]
[WhiteElo "2091"]
[BlackElo "2038"]
[PlyCount "113"]
[EventDate "2014.07.10"]
[EventType "swiss"]
[EventRounds "11"]
[EventCountry "IND"]
[SourceTitle "EXT 2016"]
[Source "ChessBase"]
[SourceDate "2015.10.10"]
[SourceVersion "1"]
[SourceVersionDate "2015.10.10"]
[SourceQuality "1"]

1. e4 e5 2. Nf3 Nc6 3. c3 Nf6 4. d4 Nxe4 5. d5 Nb8 6. Bd3 Nf6 7. Nxe5 Bd6 8.
Nc4 Qe7+ 9. Be2 b5 10. Nxd6+ Qxd6 11. O-O O-O 12. a4 b4 13. cxb4 Bb7 14. Nc3
Na6 15. b5 Nb4 16. Bf3 Rfe8 17. b3 Rab8 18. Ba3 a5 19. Qd2 Re5 20. Rfe1 Rbe8
21. Rxe5 Qxe5 22. Rf1 Nbxd5 23. Bb2 Qe6 24. h3 Nxc3 25. Bxb7 Ne2+ 26. Kh2 Ng4+
27. Kh1 Ne3 28. Qxe3 Qxe3 29. fxe3 Ng3+ 30. Kg1 Nxf1 31. Kxf1 Rxe3 32. Bd5 c6
33. bxc6 dxc6 34. Bc4 h5 35. Kf2 Re7 36. Bc3 Ra7 37. Ke3 g5 38. Bf6 g4 39. hxg4
hxg4 40. Kf4 Kh7 41. Kxg4 Kg6 42. Bc3 f6 43. Kf4 Ra8 44. Bd3+ Kh6 45. Bxf6 Rb8
46. Bc4 Rf8 47. Kf5 c5 48. g4 Kh7 49. g5 Re8 50. g6+ Kh6 51. g7 Kh7 52. g8=Q+
Rxg8 53. Bxg8+ Kxg8 54. Ke6 c4 55. bxc4 Kf8 56. c5 Ke8 57. c6 1-0

[Event "VIE-ch U09 Girls"]
[Site "Ho Chi Minh City"]
[Date "2014.07.16"]
[Round "6"]
[White "Pham, Ngoc Que Tran"]
[Black "Nguyen, Ngoc Minh Chau"]
[Result "0-1"]
[WhiteElo "1552"]
[BlackElo "1598"]
[PlyCount "44"]
[EventDate "2014.07.13"]
[EventType "swiss"]
[EventRounds "9"]
[EventCountry "VIE"]
[SourceTitle "EXT 2016"]
[Source "ChessBase"]
[SourceDate "2015.10.10"]
[SourceVersion "1"]
[SourceVersionDate "2015.10.10"]
[SourceQuality "1"]

1. e4 e5 2. Nf3 Nc6 3. c3 d6 4. d4 exd4 5. cxd4 g6 6. Bb5 Bd7 7. Nc3 Bg7 8. d5
Ne5 9. Nxe5 dxe5 10. Bxd7+ Qxd7 11. O-O Ne7 12. Be3 O-O 13. Qd2 Rad8 14. Rad1
f5 15. Qc2 h6 16. Qb3 Kh7 17. Qa4 b6 18. f3 fxe4 19. fxe4 Rxf1+ 20. Rxf1 c6 21.
Rd1 cxd5 22. exd5 Qb7 0-1